Регионална библиотека "Любен Каравелов" - Русе

Нравствени съчинения (Запис номер 323239)

MARC детайли
000 -Лидер
Контролно поле с фиксирана дължина aam a22 a 4500
003 - Код на организацията, давaща контролен номер
Контролно поле BLK
005 - Дата и час на последна редакция
Контролно поле 20230302143949.0
008 - Елементи от данни с фиксирана дължина
fixed length control field 180709b bul||||| |||| 00| 0 bul d
020 ## - Международен стандартен номер на книга ISBN
Международен стандартен номер на книга ISBN 978-619-7392-07-4
040 ## - Източник на каталожния запис
Идентификатор на билиотеката - собственик на записа BLK
041 ## - Код за език
Код за езика на текст/звукозапис или на отделно заглавие Български
Код за езика КДБФ Български
080 ## - УДК
Текстов определител УДК Класическа гръцка литература. Старогръцка литература
УДК код - определител по УДК 821.142
УДК определител -96
УДК - код + определител 821.142-96
100 ## - Редна дума - Автор
Автор Плутарх
Авторска отговорност първи автор
R(LIN) 1299
139 ## - Редно поле
Редна дума Плутарх
Авторски знак Плу - П 61
245 ## - Сведения за заглавието
Заглавие Нравствени съчинения
Подзаглавни данни Забележителни дела и думи
Редно поле (дума) Плутарх ; прев. от старогр. Петя Янева, Виолета Герджикова.
260 ## - Област на издателските данни
Място на издаване, разпространение и проч. София
Име на издателя, разпространителя и проч. ЕРГО
Година на издаване 2017
9 (RLIN) 212573
Печатница (София : Дайрект Сървисиз)
Издателство - префикс ISBN 978-954-92279- ; 978-954-8689- ; 954-8918-
300 ## - Физическа характеристика
Страници 255 с.
Размери/Мащаб 22 см
380 ## - Жанр
Жанр Худож. лит.
490 ## - СЕРИИ (Колекции)
9 (RLIN) 207704
Име на серия Libri legendi
500 ## - Общи забележки
Забележка Прев. по: Plutarch's moralia in fifteen volumes. V. 3. - За преводачите: с. 252-253
700 ## - Други автори (авторска отговорност)
9 (RLIN) 966
Лично име Янева, Петя Запрянова
Автороска отговорност (Описва отношението между автора и произведението) прев.
700 ## - Други автори (авторска отговорност)
9 (RLIN) 966
Лично име Герджикова, Виолета Петрова
Автороска отговорност (Описва отношението между автора и произведението) прев.
852 ## - Местоположение
Форматна сигнатура Цб 289473
Фондова буква Хранилище
999 ## - СИСТЕМНИ КОНТРОЛНИ НОМЕРА
Koha biblionumber 323239
Koha biblioitemnumber 323239
942 ## - АРТИКУЛИ
Вид на библиотечния материал Книги
Източник на класификационната схема Universal Decimal Classification
Скрит в OPAC Не
Периодичен библиозапис Да
Koha issues (borrowed), all copies 7
944 ## - СЪЗДАВАНЕ И РЕДАКЦИЯ на ЗАПИСА
Създаване/Редакция Редакция
Дата на регистрацията/редакция 2020-08-12
Служител, извършил регистрацията/редакцията ГГГ
999 ## - СИСТЕМНИ КОНТРОЛНИ НОМЕРА
Koha biblioitemnumber 323239
999 ## - СИСТЕМНИ КОНТРОЛНИ НОМЕРА
Koha biblioitemnumber 323239
999 ## - СИСТЕМНИ КОНТРОЛНИ НОМЕРА
Koha biblioitemnumber 323239
Наличности
Код за отписване Код за изгубен артикул Източник на класификационната схема Код за повреда Код за отдаване Артикулен № Име на библиотеката - собственик Име на библиотеката, в която се намира в момента Статус (Текущо местоположение) Дата на вписване в системата Местоположение - отдел Цена в лева Инвентарен номер Систематично азбучна сигнатура Баркод Цена в евро Служебен тип на артикула Коз за рестрикции
  Не е изгубен Universal Decimal Classification Не е повреден заемане за дома 678159 Регионална библиотека "Любен Каравелов" Русе Регионална библиотека "Любен Каравелов" Русе Хранилище 2018-07-04 Хранилище 16.00 120000820855 Цб 289473 120000820855 8.18 Книги  
  Не е изгубен Universal Decimal Classification Не е повреден заемане за дома 799490 Регионална библиотека "Любен Каравелов" Русе Регионална библиотека "Любен Каравелов" Русе Заемна - подръчен фонд 2020-09-17 Заемна - подръчен фонд 12.80   821-9/П 61 120000846858 6.54 Книги без рестрикции
  Не е изгубен Universal Decimal Classification Не е повреден заемане за дома 799491 Регионална библиотека "Любен Каравелов" Русе Регионална библиотека "Любен Каравелов" Русе Заемна - подръчен фонд 2020-09-17 Заемна - подръчен фонд 12.80   821-9/П 61 120000846857 6.54 Книги без рестрикции
Vip Innovations Ltd, Rousse, Bulgaria 2025